000
00249nam a2200109Ia 4500
008
220204s9999 xx 000 0 und d
082
_a
82-7
_b
PLA.3;1
100
_a
Playboy
245
0
_a
Party jokes. 3
260
_a
New York
_b
Jove
_c
1982
942
_c
BK
999
_c
37449
_d
37449